| 000 | 01012nam a2200289Ia 4500 | ||
|---|---|---|---|
| 001 | Z_2285 | ||
| 003 | CHAP | ||
| 008 | 220113s2000 xx 000 0 und d | ||
| 010 | _a165340 | ||
| 040 | _cCHAP | ||
| 090 | _aTesis C 1434 | ||
| 100 |
_aCortez Villa, Luis Jaime _928308 |
||
| 245 |
_aProducción de materia seca y contenido de proteína cruda, paredes celulares y cenizas en hojas y tallos tiernos de ocho especies arbustivas forrajeras del sur de Sinaloa / _cpor Luis Jaime Cortez Villa y Francisco Hernández Margarito |
||
| 260 |
_aChapingo, Méx. : _bEl autor, _c2000 |
||
| 300 | _a72 h. | ||
| 502 | _aTesis (Ing. Agr. Esp. en Zootecnia) -- UACH. Departamento de Zootecnia | ||
| 650 |
_aArbustos como forraje _96754 |
||
| 650 |
_aMateria seca _xDeterminación _972934 |
||
| 650 |
_aProteínas en nutrición animal _992454 |
||
| 700 |
_aHernández Margarito, Francisco _954275 |
||
| 901 | _aTESIS C 1434 | ||
| 902 | _aM | ||
| 910 | _a2000 | ||
| 942 | _c2 | ||
| 942 | _c2 | ||
| 999 |
_c165340 _d165340 |
||